Phoenicia : (Registro nro. 26305)

Detalles MARC
000 -LEADER
campo de control de longitud fija 02369cam a22005414i 4500
003 - IDENTIFICADOR DE NÚMERO DE CONTROL
campo de control PE-LiUPU
005 - FECHA Y HORA DE LA ÚLTIMA TRANSACCIÓN
campo de control 20250731184536.0
008 - DATOS DE LONGITUD FIJA--INFORMACIÓN GENERAL
campo de control de longitud fija 160324t20142014inuab rb 001 0 eng d
020 ## - NÚMERO INTERNACIONAL ESTÁNDAR DEL LIBRO
Número Internacional Estándar del Libro 1575068966
020 ## - NÚMERO INTERNACIONAL ESTÁNDAR DEL LIBRO
ISBN cancelado o inválido 1575061813
020 ## - NÚMERO INTERNACIONAL ESTÁNDAR DEL LIBRO
ISBN cancelado o inválido 9781575061818
035 ## - NÚMERO DE CONTROL DEL SISTEMA
Número de control de sistema (Sirsi) i9781575068961
035 ## - NÚMERO DE CONTROL DEL SISTEMA
Número de control de sistema (OCoLC)961572028
Número de control cancelado/no válido (OCoLC)904276219
-- (OCoLC)962606452
-- (OCoLC)1003207367
040 ## - FUENTE DE CATALOGACIÓN
Centro catalogador/agencia de origen AZK
Lengua de catalogación eng
Normas de descripción rda
-- pn
Centro/agencia transcriptor AZK
Centro/agencia modificador OCLCO
-- YDXCP
-- CCO
-- EBLCP
-- COO
-- OCLCF
-- OCLCQ
-- MOR
-- PIFAG
-- MERUC
-- OCLCQ
-- ZCU
-- PE-LiUPU
049 ## - FONDOS LOCALES (OCLC)
Biblioteca depositaria PRUA
050 #4 - SIGNATURA TOPOGRÁFICA DE LA BIBLIOTECA DEL CONGRESO
Número de clasificación DS81
082 04 - NÚMERO DE LA CLASIFICACIÓN DECIMAL DEWEY
Número de clasificación 939.44
Cutter P35
Número de edición 23
100 1# - ENTRADA PRINCIPAL--NOMBRE DE PERSONA
Nombre de persona Peckham, Brian J.,
Fechas asociadas al nombre 1934-2008,
Término indicativo de función/relación autor.
245 10 - MENCIÓN DEL TÍTULO
Título Phoenicia :
Resto del título episodes and anecdotes from the ancient Mediterranean /
Mención de responsabilidad, etc. J. Brian Peckham.
264 #1 - PRODUCCIÓN, PUBLICACIÓN, DISTRIBUCIÓN, FABRICACIÓN Y COPYRIGHT
Producción, publicación, distribución, fabricación y copyright Winona Lake, Indiana :
Nombre del de productor, editor, distribuidor, fabricante Eisenbrauns,
Fecha de producción, publicación, distribución, fabricación o copyright 2014.
300 ## - DESCRIPCIÓN FÍSICA
Extensión xxi, 586 páginas :
Otras características físicas ilustraciones ;
Dimensiones 24 centímetros
336 ## - TIPO DE CONTENIDO
Término de tipo de contenido text
Fuente rdacontent
337 ## - TIPO DE MEDIO
Nombre/término del tipo de medio unmediated
Fuente rdamedia
338 ## - TIPO DE SOPORTE
Nombre/término del tipo de soporte volume
Fuente rdacarrier
504 ## - NOTA DE BIBLIOGRAFÍA, ETC.
Nota de bibliografía, etc. Indice : páginas 575-586.
505 0# - NOTA DE CONTENIDO CON FORMATO
Nota de contenido con formato Canaan in the eleventh and tenth centuries B.C.E.: the origin of the phoenicians -- The phoenician city-states receive and transmit knowledge: the ninth century -- The phoenician exploration of the mediterranean world: a result of the assyriaca in the eighth century -- The world of tyre in the seventh century -- The sixth-century phoenician world becomes a differentiated semitic and European world -- The carthaginian world of the fifth and fourth centuries: between the persians and the greeks.
526 ## - NOTA DE INFORMACIÓN SOBRE EL PROGRAMA DE ESTUDIO
Nombre del programa Doctorado En Educación Con Mención En Currículo Y Docencia (A Distancia)
526 ## - NOTA DE INFORMACIÓN SOBRE EL PROGRAMA DE ESTUDIO
Nombre del programa Doctorado En Educación Con Mención En Currículo Y Docencia (Semipresencial)
526 ## - NOTA DE INFORMACIÓN SOBRE EL PROGRAMA DE ESTUDIO
Nombre del programa Doctorado En Educación Con Mención En Gestión Educativa (A Distancia)
526 ## - NOTA DE INFORMACIÓN SOBRE EL PROGRAMA DE ESTUDIO
Nombre del programa Doctorado En Educación Con Mención En Gestión Educativa (Semipresencial)
526 ## - NOTA DE INFORMACIÓN SOBRE EL PROGRAMA DE ESTUDIO
Nombre del programa Derecho semipresencial
526 ## - NOTA DE INFORMACIÓN SOBRE EL PROGRAMA DE ESTUDIO
Nombre del programa Derecho presencial
526 ## - NOTA DE INFORMACIÓN SOBRE EL PROGRAMA DE ESTUDIO
Nombre del programa Maestría en teología histórica
526 ## - NOTA DE INFORMACIÓN SOBRE EL PROGRAMA DE ESTUDIO
Nombre del programa Teología
526 ## - NOTA DE INFORMACIÓN SOBRE EL PROGRAMA DE ESTUDIO
Nombre del programa Educación primaria
526 ## - NOTA DE INFORMACIÓN SOBRE EL PROGRAMA DE ESTUDIO
Nombre del programa Educación secundaria, especialidad lingüística e inglés
526 ## - NOTA DE INFORMACIÓN SOBRE EL PROGRAMA DE ESTUDIO
Nombre del programa Educación secundaria, especialidad ambiental, biología y química
526 ## - NOTA DE INFORMACIÓN SOBRE EL PROGRAMA DE ESTUDIO
Nombre del programa Arquitectura
596 ## -
-- 1
650 #0 - PUNTO DE ACCESO ADICIONAL DE MATERIA--TÉRMINO DE MATERIA
Término de materia o nombre geográfico como elemento de entrada Fenicios
Subdivisión general historia.
650 #0 - PUNTO DE ACCESO ADICIONAL DE MATERIA--TÉRMINO DE MATERIA
Término de materia o nombre geográfico como elemento de entrada Phoenicians
Subdivisión general History.
910 ## - DATOS DE OPCIÓN DEL USUARIO (OCLC)
Datos de opción del usuario dbm
-- ncf
-- ncf
-- 20171220
942 ## - ELEMENTOS DE ENTRADA SECUNDARIOS (KOHA)
Fuente del sistema de clasificación o colocación Clasificación Decimal Dewey
Tipo de ítem Koha
949 ## - PROCESAMIENTO DE INFORMACIÓN LOCAL (OCLC)
a 939.44 P35
w DEWEY
c 1
i 77664
l CATALOGING
m BUL
p 48.65
r 0
s Y
t BOOK
u 2017-12-20
x POSGRADO
-- P85
0 COMPRA
o .STAFF. Colección Teología.
994 ## -
-- C0
-- PEPRU
999 ## - NÚMEROS DE CONTROL DE SISTEMA (KOHA)
-- DEWEY
-- 77664
-- 2021-11-11
-- 4
-- CCODEBUL1
-- BUL
-- 48.65
-- 0
-- Y
-- BOOK
-- 2017-12-20
-- TEOLOGIA
-- P85
-- COMPRA
-- .STAFF. Colección Teología.
980 ## - EQUIVALENCIA O REFERENCIA-CRUZADA-MENCIÓN DE SERIE--NOMBRE DE PERSONA/TÍTULO [LOCAL, CANADÁ]
ID del último usuario que modificó el registro 1
Nombre del último usuario que modificó el registro ALBERTO SANCHEZ Responsable de Automatización
Existencias
Visto por última vez Número de inventario Total de préstamos Signatura topográfica completa Código de barras Copia número Coste, precio de reemplazo Fecha de reemplazo Facultad Tipo de ítem Koha Nota pública Estado de pérdida Fuente del sistema de clasificación o colocación Restricciones de uso No para préstamo Colección Programa académico Biblioteca de origen Biblioteca actual Ubicación en estantería Fecha de adquisición Fuente de adquisición Coste, precio normal de compra
2025-12-03 5   939.44 P35 77664 e1 53.65 2017-12-20   Libros físicos inventario-2023-12-13 No Perdido Clasificación Decimal Dewey No restringido Disponible para préstamos Colección General Maestría en teología Biblioteca CRAI UPeU Lima Biblioteca CRAI UPeU Lima Sala principal 2017-12-20 COMPRA 48.65